Statistics for Food Quiz 3

Click here to take the quiz!

General Stats

  • This quiz has been taken 25 times
  • The average score is 6 of 8

Answer Stats

Answer% Correct
Apple
100%
Tomato
100%
Chips
91%
Cookie
86%
Pancakes
86%
French Fries
73%
Crackers
59%
Pistachios
45%

Score Distribution

Percentile by Number Answered

Percent of People with Each Score

Your Score History

You have not taken this quiz